Nástroje manažérskeho účtovníctva
Charakteristika moderných trendov manažérskeho účtovníctva. Jeho prínosy. Postavenie moderných trendov manažérskeho účtovníctva v riadení podniku.
Na minha lista:
| Autor principal: | |
|---|---|
| Formato: | Capítulo de Livro |
| Idioma: | eslovaco |
| Assuntos: | |
| Tags: |
Sem tags, seja o primeiro a adicionar uma tag!
|
MARC
| LEADER | 00000naa a2200000 4500 | ||
|---|---|---|---|
| 001 | 0120723 | ||
| 005 | 20230908101647.1 | ||
| 041 | 0 | |a slo | |
| 044 | |a SK | ||
| 245 | 1 | 0 | |a Nástroje manažérskeho účtovníctva |c Katarína Teplická |
| 520 | |a Charakteristika moderných trendov manažérskeho účtovníctva. Jeho prínosy. Postavenie moderných trendov manažérskeho účtovníctva v riadení podniku. | ||
| 610 | 2 | 0 | |a účtovníctvo manažérske |
| 610 | 2 | 0 | |a riadenie podnikové |
| 610 | 2 | 0 | |a metóda ABB |
| 610 | 2 | 0 | |a metóda ABC |
| 610 | 2 | 0 | |a podnik výrobný |
| 100 | 1 | |a Teplická, Katarína | |